000 00710nam a2200289 a 4500
003 AR-BaBNM
005 20251128202911.0
008 082120s2002 ||||||||||||||000 | spa||
040 _cAR-BaBNM
100 1 _aSáenz Hayes, Ricardo
245 0 0 _aMiguel Cané y su tiempo
_b1851-1905
260 _aBuenos Aires
_bKraft
_c1955
300 _a561 p.
_bláms.
490 0 _aCúpula
650 4 _aBIOGRAFIAS
650 4 _aHISTORIA CULTURAL
650 4 _aHISTORIA LITERARIA
650 4 _aGENERACION DE 1880
650 4 _aHISTORIA DE LAS IDEAS
650 4 _aPOLITICA
650 4 _aDIPLOMACIA
650 4 _aHISTORIA
651 4 _aArgentina
655 _aBIOGRAFIAS
942 _cBK
998 _cEnrique
999 _c1114
_d1114